Project research in information systems : A student's guide
Đã lưu trong:
| 主要作者: | |
|---|---|
| 格式: | 圖書 |
| 語言: | Undetermined |
| 出版: |
New York, N.Y.
Palgrave MacMillan
2006
|
| 主題: | |
| 標簽: |
添加標簽
沒有標簽, 成為第一個標記此記錄!
|
| Thư viện lưu trữ: | Trung tâm Học liệu Trường Đại học Cần Thơ |
|---|
| LEADER | 00584nam a2200205Ia 4500 | ||
|---|---|---|---|
| 001 | CTU_123998 | ||
| 008 | 210402s9999 xx 000 0 und d | ||
| 020 | |c 400000 | ||
| 082 | |a 658.40380285 | ||
| 082 | |b C816 | ||
| 100 | |a Cornford, Tony | ||
| 245 | 0 | |a Project research in information systems : | |
| 245 | 2 | |b A student's guide | |
| 245 | 0 | |c Tony Cornford, Steve Smithson | |
| 260 | |a New York, N.Y. | ||
| 260 | |b Palgrave MacMillan | ||
| 260 | |c 2006 | ||
| 650 | |a Information resources management | ||
| 904 | |i Minh | ||
| 980 | |a Trung tâm Học liệu Trường Đại học Cần Thơ | ||